LEADER 01297nam--2200349---450- 001 990003377160203316 005 20100309095911.0 010 $a978-88-8422-681-5 035 $a000337716 035 $aUSA01000337716 035 $a(ALEPH)000337716USA01 035 $a000337716 100 $a20100309d2007----km-y0itay50------ba 101 $aita 102 $aIT 105 $a||||||||001yy 200 1 $aPesca e patrimonio industriale$etecniche, strutture e organizzazione$eSicilia, Puglia, Malta e Dalmazia tra XIX e XX secolo$fa cura di Maurizio Gangemi 210 $aBari$cCacucci$d2007 215 $a479 p.$d24 cm 225 2 $aDipartimento di studi europei giuspubblicistici e storico-economici$iSezione di storia economica$fUniversità di Bari$v17 410 0$12001$aDipartimento di studi europei giuspubblicistici e storico-economici$iSezione di storia economica$fUniversità di Bari$v, 17 606 0 $aPesca$xMare Mediterraneo$ySec. 19.-20.$2BNCF 676 $a338.3727 702 1$aGANGEMI,$bMaurizio 801 0$aIT$bsalbc$gISBD 912 $a990003377160203316 951 $a338.372 PES 1$b16595 E.C.$c338.372$d00256424 959 $aBK 969 $aECO 979 $aCHIARA$b90$c20100309$lUSA01$h0959 996 $aPesca e patrimonio industriale$91123030 997 $aUNISA LEADER 01099nam2 2200301 i 450 001 RMG0029750 005 20251003044337.0 010 $a8814070547 020 $aIT$b99-10324 100 $a20060804d1998 ||||0itac50 ba 101 | $aita 102 $ait 181 1$6z01$ai $bxxxe 182 1$6z01$an 200 1 $aˆ1: ‰Teoria generale e storia del diritto 210 $aMilano$cA. Giuffrè$d1998 215 $aLIX, 817 p.$c1 ritr.$d25 cm. 461 1$1001RMG0029748$12001 $aStudi in onore di Pietro Rescigno$v1 606 $aDiritto privato$xRescigno Pietro$2FIR$3NAPC257968$9I 676 $a340.02$9DIRITTO. MISCELLANEA$v21 676 $a346.45$9DIRITTO PRIVATO. ITALIA$v21 801 3$aIT$bIT-000000$c20060804 850 $aIT-BN0095 $aIT-NA0070 912 $aRMG0029750 950 2$aBiblioteca Centralizzata di Ateneo$c1 v.$d 01D (C) 000 026$e 01C 0000800265 VMA 1 v.$fY $h20121003$i20121003 977 $a 01$a BU 996 $aTeoria generale e storia del diritto$9975162 997 $aUNISANNIO